000 00962nam a22002411i 4500
001 190310
003 SpMaBN
005 20251109063050.0
008 201104s1975 sp |||| | spa d
080 _a264.02-068(043.2)
100 1 _aBonastre, Francesc,
_d1944-2017
_9170674
245 1 0 _aEstudios sobre la verbeta /
_cFrancesc Bonastre.
260 _aBarcelona :
_bUniversidad de Barcelona, [Facultad de Filosofía y Letras],
_c1975.
300 _a14 p. ;
_c24 cm.
502 _aTesis-Univ. Barcelona (Extracto)
594 _aPrecede al tít.: Universidad de Barcelona, Secretariado de Publicaciones, Intercambio Científico y Extensión Universitaria.
650 7 _aTropos (Música)
_2embne
_9170675
655 _aTesis y escritos académicos
_9226867
710 2 _aUniversidad de Barcelona.
_bFacultad de Filosofía y Letras.
_97149
852 4 _aES-MaACL
_jP-1415 (74)
_9197518
_bR.68610
_cDEPO2
942 _2udc
999 _c190310
_d190310